000 00805nam a2200253 i 4500
003 DO-SdBNP
005 20260629104951.0
007 ta
008 260629b2002 dr c|||| |||| 00| 0 spa d
040 _aDO-SdBNP
_bspa
_cBNPHU
_erda
041 1 7 _aspa
_heng
082 4 _axxx
_bxxx
_222
100 _aCruz, Héctor J.,
_eautor
_4aut.
_945957
245 1 0 _aBeisbol dominicano :
_borígenes, evolución y sus héroes /
_cHéctor J. Cruz
246 1 3 _aDominican baseball :
_broots, evolution and heroes
264 1 _aSanto Domingo :
_bEditora Corripio,
_c2002.
300 _a238 páginas :
_bretratos ;
_c27 cm.
336 _atexto
_btxt
_2rdacontent
337 _asin mediación
_bn
_2rdamedia
338 _avolumen
_bnc
_2rdacarrier
590 _aInventariado, 2026/BT
910 _abtavárez
942 _2ddc
_cLBS1
999 _c60965
_d60965